LEADER 02144oam 2200565 450 001 9910715228903321 005 20210128141747.0 035 $a(CKB)5470000002509737 035 $a(OCoLC)1143006546 035 $a(EXLCZ)995470000002509737 100 $a20200304d1933 ua 0 101 0 $aeng 135 $aurbn||||||||| 181 $ctxt$2rdacontent 182 $cc$2rdamedia 183 $acr$2rdacarrier 200 10$aComparison of three methods for calculating the compressive strength of flat and slightly curved sheet and stiffener combinations /$fby Eugene E. Lundquist 210 1$aWashington, [D.C.] :$cNational Advisory Committee for Aeronautics,$d1933. 215 $a1 online resource (19 pages, 12 unnumbered pages) $cillustrations 225 1 $aTechnical note / National Advisory Committee for Aeronautics ;$vNo. 455 300 $a"March, 1933." 300 $aNo Federal Depository Library Program (FDLP) item number. 320 $aIncludes bibliographical references (page 17). 606 $aAirplanes$xDesign and construction 606 $aMonocoque construction 606 $aPlates (Engineering) 606 $aStrength of materials 606 $aAirplanes$xDesign and construction$2fast 606 $aMonocoque construction$2fast 606 $aPlates (Engineering)$2fast 606 $aStrength of materials$2fast 615 0$aAirplanes$xDesign and construction. 615 0$aMonocoque construction. 615 0$aPlates (Engineering) 615 0$aStrength of materials. 615 7$aAirplanes$xDesign and construction. 615 7$aMonocoque construction. 615 7$aPlates (Engineering) 615 7$aStrength of materials. 700 $aLundquist$b Eugene E.$01386894 712 02$aUnited States.$bNational Advisory Committee for Aeronautics, 801 0$bTRAAL 801 1$bTRAAL 801 2$bOCLCO 801 2$bOCLCF 801 2$bGPO 906 $aBOOK 912 $a9910715228903321 996 $aComparison of three methods for calculating the compressive strength of flat and slightly curved sheet and stiffener combinations$93541385 997 $aUNINA LEADER 04435 am 2200829 n 450 001 9910350182403321 005 20190305 010 $a2-85892-507-0 024 7 $a10.4000/books.msha.4563 035 $a(CKB)4330000000406167 035 $a(FrMaCLE)OB-msha-4563 035 $a(oapen)https://directory.doabooks.org/handle/20.500.12854/45541 035 $a(PPN)241655412 035 $a(EXLCZ)994330000000406167 100 $a20191114j|||||||| ||| 0 101 0 $afre 135 $auu||||||m|||| 181 $ctxt$2rdacontent 182 $cc$2rdamedia 183 $acr$2rdacarrier 200 10$aDu sport sans artifice au sport bionique $eAmélioration ou condamnation ? /$fJean-Paul Callède 210 $aPessac $cMaison des Sciences de l?Homme d?Aquitaine$d2019 215 $a1 online resource (252 p.) 311 $a2-85892-447-3 330 $aDu sport sans artifice au sport bionique... Amélioration ou condamnation ? Le sport est aujourd'hui visité par les techniques d'amélioration des capacités humaines. Celles-ci permettent d'accroître ou de restaurer efficacement les capacités de l'être humain. Des innovations spectaculaires sont enregistrées dans des secteurs comme les nanotechnologies, les biotechnologies, les sciences cognitives, l'informatique, etc. Leur introduction dans le domaine du sport, du haut niveau à la pratique de masse ou de loisir, chez les athlètes valides ou handicapés, perturbe souvent les certitudes et suscite prises de position, interrogations et inquiétudes. D'un côté amélioration dans l'accompagnement des sportifs d'excellence ou libération des sportifs handicapés, de l'autre condamnation de la culture sportive séculaire et aliénation progressive des sportifs ? Relativisme des normes et des valeurs du sport face aux avancées technologiques ? Progrès ou régression dans la quête humaniste ? Autant de questions qui méritent d'être abordées et traitées. D'ailleurs, à ce jour, existe-t-il des instances régulatrices suffisamment armées pour appréhender ces problèmes ? La 31ème Université Sportive d'Été a été accueillie à Montpellier, dans un lieu prestigieux et de circonstance : Pierresvives, au sein de la « Cité des savoirs et du Sport pour tous », du 4 au 6 septembre 2013, avec le soutien du Montpellier Université Club. Organisée par l'UNCU et l'UJSF, elle s'est attelée à la tâche en donnant la parole à une quinzaine de personnalités issues de la recherche universitaire, fondamentale ou appliquée, des sciences de l'homme et de la société, du journalisme, des sciences et des techniques de l'ingénieur, du sport et de l'éducation, faisant face à un public des plus motivés. 517 $aDu sport sans artifice au sport bionique 606 $aHospitality Leisure Sport & Tourism 606 $acapacité humaine 606 $adopage 606 $asport de haut niveau 606 $aexcellence 606 $aéthique 606 $aquête humaniste 606 $asport bionique 610 $aexcellence 610 $acapacité humaine 610 $asport bionique 610 $aquête humaniste 610 $asport de haut niveau 610 $aéthique 610 $adopage 615 4$aHospitality Leisure Sport & Tourism 615 4$acapacité humaine 615 4$adopage 615 4$asport de haut niveau 615 4$aexcellence 615 4$aéthique 615 4$aquête humaniste 615 4$asport bionique 700 $aAndrieu$b Bernard$01292745 701 $aAndrusyszyn$b Colette$01272539 701 $aAudran$b Michel$01297449 701 $aBalmes$b Jean-Louis$01297450 701 $aBénézis$b Christian$01297451 701 $aBraun$b Alain$01272549 701 $aBuffalon$b Thierry$01297445 701 $aCallède$b Jean-Paul$0603856 701 $aCoste$b Olivier$01297452 701 $aDenel$b Robert$01272559 701 $aDugas$b Éric$01297453 701 $aFavier$b François$01297454 701 $aMartin$b Jean-Michel$01272579 701 $aMessin$b Gérard$01272581 701 $aMichel$b Jean-Louis$01275943 701 $aRieu$b Michel$01286799 701 $aTaïar$b Rheda$01297455 701 $aCallède$b Jean-Paul$0603856 801 0$bFR-FrMaCLE 906 $aBOOK 912 $a9910350182403321 996 $aDu sport sans artifice au sport bionique$93024487 997 $aUNINA